40000 hodín
Na minha lista:
| Autor principal: | |
|---|---|
| Outros Autores: | , |
| Formato: | Livro |
| Idioma: | tcheco |
| Publicado em: |
Praha
Mladá fronta
1969
|
| Colecção: | Ypsilon
sv. 8 |
| Tags: |
Sem tags, seja o primeiro a adicionar uma tag!
|
MARC
| LEADER | 00000nam a2200000 4500 | ||
|---|---|---|---|
| 001 | c127511 | ||
| 005 | 20041019155240.9 | ||
| 041 | 0 | |a cze | |
| 044 | |a CZ | ||
| 245 | 1 | 0 | |a 40000 hodín |c Jean Fourastié ; [Z franc. orig. přel. Zdena Zankerová, Josef Pospíšil] |
| 264 | 1 | |a Praha |b Mladá fronta |c 1969 | |
| 300 | |a 213 s. | ||
| 490 | 1 | |a Ypsilon |v sv. 8 | |
| 830 | 0 | |a Ypsilon |v sv. 8 | |
| 100 | 1 | |a Fourastié, Jean | |
| 700 | 1 | |a Zankerová, Zdena | |
| 700 | 1 | |a Pospíšil, Josef | |